El cuento hispanoamericano 2 / (Registro nro. 30305)
[ vista simple ]
| 000 -LEADER | |
|---|---|
| fixed length control field | 01274nam a22002657a 4500 |
| 003 - CONTROL NUMBER IDENTIFIER | |
| control field | OSt |
| 005 - DATE AND TIME OF LATEST TRANSACTION | |
| control field | 20240712114123.0 |
| 008 - FIXED-LENGTH DATA ELEMENTS--GENERAL INFORMATION | |
| fixed length control field | 231026t1964 ck er 000 0 spa d |
| 020 ## - INTERNATIONAL STANDARD BOOK NUMBER | |
| International Standard Book Number | 9498247267 |
| 037 ## - SOURCE OF ACQUISITION | |
| Materials specified | Donación |
| 040 ## - CATALOGING SOURCE | |
| Original cataloging agency | CO-JMCR |
| Transcribing agency | CO-JMCR |
| Modifying agency | CO-JMCR |
| Language of cataloging | spa |
| Description conventions | rda |
| 041 0# - LANGUAGE CODE | |
| Language code of text/sound track or separate title | spa |
| 082 04 - DEWEY DECIMAL CLASSIFICATION NUMBER | |
| Classification number | A-C |
| Item number | MENc |
| 100 1# - MAIN ENTRY--PERSONAL NAME | |
| Personal name | Mentón, Seymour, |
| Relator term | autor |
| 9 (RLIN) | 43403 |
| 245 13 - TITLE STATEMENT | |
| Title | El cuento hispanoamericano 2 / |
| Statement of responsibility, etc. | Seymour Mentón. |
| 260 ## - PUBLICATION, DISTRIBUTION, ETC. | |
| Place of publication, distribution, etc. | México : |
| Name of publisher, distributor, etc. | Fondo de Cultura Económica , |
| Date of publication, distribution, etc. | ©1964 |
| 300 ## - PHYSICAL DESCRIPTION | |
| Extent | 331 páginas ; |
| Dimensions | 17 cm. |
| 490 ## - SERIES STATEMENT | |
| Series statement | Coleccion popular 51 |
| 500 ## - GENERAL NOTE | |
| General note | Incluye bibliografía |
| 505 0# - FORMATTED CONTENTS NOTE | |
| Formatted contents note | Horacio Quiroga, Uruguayo "El hombre muerto" -- Martín Luis Guzmán, Mexicano "La fiesta delas balas" -- Jorge Ferretis, Mexicano "Hombres en tempestad" |
| 520 3# - SUMMARY, ETC. | |
| Summary, etc. | Este tomo comprende las ultimas corrientes que han enriquecido el cuento hispanoamericano: el criollismo, el cosmopolitismo y el neorrealismo; es decir, las manifestaciones posteriores a las tendencias modernistas que a fines del siglo XIX y a principios del actual remozaron métodos y técnicas en nuestra literatura. |
| 650 14 - SUBJECT ADDED ENTRY--TOPICAL TERM | |
| Source of heading or term | JMCR |
| Topical term or geographic name entry element | Literatura Hispanoamericana |
| Form subdivision | Antologías |
| 9 (RLIN) | 43404 |
| 650 24 - SUBJECT ADDED ENTRY--TOPICAL TERM | |
| Topical term or geographic name entry element | Cuentos Hispanoamericanos |
| General subdivision | Historia y crítica |
| 9 (RLIN) | 43405 |
| 942 ## - ADDED ENTRY ELEMENTS (KOHA) | |
| Source of classification or shelving scheme | Dewey Decimal Classification |
| Koha item type | Books |
| Withdrawn status | Lost status | Source of classification or shelving scheme | Damaged status | Not for loan | Home library | Current library | Shelving location | Date acquired | Source of acquisition | Total Checkouts | Full call number | Barcode | Date last seen | Copy number | Price effective from | Koha item type |
|---|---|---|---|---|---|---|---|---|---|---|---|---|---|---|---|---|
| Dewey Decimal Classification | Biblioteca Pública José María del Castillo y Rada | Biblioteca Pública José María del Castillo y Rada | Fiction | 12/06/2021 | Donación | A-C MENc | 201811278 | 10/26/2023 | Ej.1 | 10/26/2023 | Books |